Organic chemistry 1 for dummies /

Dades bibliogràfiques
Autor principal: Winter, Arthur, 1981-
Format: Llibre
Idioma:English
Publicat: Hoboken, New Jersey : John Wiley & Sons, Inc., ©2014
Edició:Second edition.
Col·lecció:For dummies
Matèries:
Classic Catalogue: View this record in Classic Catalogue
LEADER 01567nam a2200385 i 4500
001 43245
003 BD-DhAAL
005 20240923102017.0
008 240922t20142014njua d 001 0 eng
010 |a  2013954080 
020 |a 9781118828076 (pbk.) 
020 |a 978111929337 (pbk.) 
020 |a 9781119296560 
020 |a 9781119296577 (ebk) 
040 |a DLC  |b eng  |e rda  |c DLC  |d DLC  |d BD-DhAAL 
050 0 0 |a QD257  |b .W56 2014 
082 0 0 |a 547  |2 23 
100 1 |a Winter, Arthur,  |d 1981-  |9 56890 
245 1 0 |a Organic chemistry 1 for dummies /  |c by Arthur Winter, PhD. 
246 3 3 |a Organic chemistry for dummies 
250 |a Second edition. 
264 1 |a Hoboken, New Jersey :  |b John Wiley & Sons, Inc.,  |c ©2014 
300 |a xvi, 364 pages :  |b illustrations ;  |c 24 cm. 
490 0 |a For dummies 
500 |a Previous edition: 2005. For Dummies, a Wiley brand, 
500 |a Includes index. 
526 |a PHR  |x Dr. Hasina Yasmin Assistant Dean and Program Director Course name: Organic Chemistry I and II (PHR 104 and PHR109)  
541 |a Book Finder International  |e 43245 
650 0 |a Chemistry, Organic  |v Problems, exercises, etc.  |9 56891 
650 0 |a Chemistry, Organic. 
650 0 |a Pharmacy. 
852 |a Ayesha Abed Library  |c General stacks 
942 |2 ddc  |c BK 
999 |c 46978  |d 46978 
952 |0 0  |1 0  |2 ddc  |4 0  |6 547_000000000000000_WIN  |7 0  |9 76619  |a PHR  |b PHR  |d 2024-09-17  |g 2452.00  |l 0  |o 547 WIN  |p 3010043245  |r 2024-09-17  |t 1  |v 2452.00  |w 2024-09-17  |y BK  |x Requisitioned by Dr. Hasina Yasmin for the course named-"Organic Chemistry I and II (PHR 104 and PHR109)".